000 00947nam a22002655i 4500
001 177829
003 ES-MaACL
005 20250910215348.0
008 110429s2009 sp |||| | spa d
017 _aM.42.760-2009
020 _a9788498950205
080 _a821.134.2-14"19"
100 1 _aHierro, José,
_d1922-2002
_963619
245 1 0 _aPoesías completas /
_cJosé Hierro ; prólogo de Julia Uceda ; epílogo y notas al texto de Miguel García-Posada.
260 _aMadrid :
_bVisor Libros,
_cD. L. 2009.
300 _a735 p. ;
_c25 cm.
490 1 _aColección Visor de poesía. Serie maior ;
_v14
700 0 _aUceda, Julia.
_9111849
700 1 _aGarcía-Posada, Miguel,
_d1944-2012
_955131
830 0 _aColección Visor de poesía. Serie maior
_v14
_9183011
852 _aES-MaACL
_9R.145589
_jA-11122
_dOlim:N-4127
_cDEPO1
942 _2udc
_cMONOGRAFIA
999 _c177829
_d177829